000 00470cam a22001457a 4500
008 180718b1989 xxu||||| |||| 00| 0 eng d
020 _a8171001416
082 _aB73x5421 T13
100 _aTahseen, Rana
245 _aUrban politics and adminisration: a case study of Allahabad
_cby Rana Tahseen
260 _aNew Delhi
_bDeep & Deep Publications
_c1989
300 _a336p
650 _aMunicipal government -India -Allahabad.
650 _aUrban policy -India -Allahabad
999 _c409097
_d409097